Clubes Campeões do Brasileirão - Série B - Statistics

Estatísticas Gerais
  • Esse quiz foi jogado 206 vezes
    136 desde o último reset
  • A pontuação média é 29 de 51
Estatísticas das Respostas
Time % Correto
Cruzeiro
91%
Botafogo
88%
Grêmio
88%
Vasco da Gama
88%
Palmeiras
87%
América Mineiro
86%
Corinthians
81%
Sport Recife
81%
Chapecoense
80%
Coritiba
77%
Internacional
77%
Vitória
77%
Atlético Mineiro
76%
Goiás
75%
Athletico Paranaense
74%
Fortaleza
74%
Guarani
72%
Avaí
71%
Juventude
71%
Atlético Goianiense
70%
Criciúma
69%
Ponte Preta
65%
Portuguesa
64%
Santa Cruz
64%
Figueirense
63%
Joinville
63%
Náutico
63%
Paraná
61%
Paysandu
61%
Villa Nova (MG)
61%
Remo
59%
CSA
58%
Red Bull Bragantino
52%
Brasiliense
51%
Santo André
45%
Londrina
41%
Gama
40%
Sampaio Corrêa
38%
América de Natal
32%
Ipatinga
31%
Tuna Luso
25%
Uberlândia
25%
Juventus (SP)
24%
União São João
24%
Inter de Limeira
21%
Campo Grande (RJ)
19%
Campinense
17%
Botafogo (SP)
15%
São José (SP)
11%
Anapolina
8%
Goytacaz (RJ)
7%
Nenhum quiz correspondente encontrado
Distribuição das Pontuações
Porcentagem de Pessoas com Cada Pontuação
Percentil de Números Respondidos
Sua Pontuação Histórica
Você não jogou esse quiz desde o último reset